Contractural tenancy agreements (Record no. 84806)

MARC details
000 -LEADER
fixed length control field 00805cab a22001935a 4500
001 - CONTROL NUMBER
control field L159116
008 - FIXED-LENGTH DATA ELEMENTS--GENERAL INFORMATION
fixed length control field 160129e2016 xxk 000 0 eng d
035 ## - SYSTEM CONTROL NUMBER
System control number (Sirsi) u159116
041 0# - LANGUAGE CODE
Language code of text/sound track or separate title eng
245 00 - TITLE STATEMENT
Title Contractural tenancy agreements
Remainder of title When and how to use them
260 ## - PUBLICATION, DISTRIBUTION, ETC.
Date of publication, distribution, etc. 2016
490 ## - SERIES STATEMENT
Series statement Letting Update Journal
Volume/sequential designation 23(4) January 2016, 26-27(2)
520 ## - SUMMARY, ETC.
Summary, etc. Explains what a contractural tenancy agreement for residential property is and when and how it can be used. Outlines procedures to follow when the tenant is in breach of contract, serving notices to quit, dealing with possessionand the use of break clauses by both landlord and tenant.
590 ## - LOCAL NOTE (RLIN)
Local note KA
651 #4 - SUBJECT ADDED ENTRY--GEOGRAPHIC NAME
Geographic name England and Wales
Chronological subdivision 1543-
690 ## - LOCAL SUBJECT ADDED ENTRY--TOPICAL TERM (OCLC, RLIN)
Topical term or geographic name as entry element Landlord and tenant
9 (RLIN) 6252
690 ## - LOCAL SUBJECT ADDED ENTRY--TOPICAL TERM (OCLC, RLIN)
Topical term or geographic name as entry element Leasing/Letting
9 (RLIN) 6253
942 ## - ADDED ENTRY ELEMENTS (KOHA)
Suppress in OPAC 0
Holdings
Withdrawn status Lost status Source of classification or shelving scheme Damaged status Not for loan Home library Current library Shelving location Date acquired Total Checkouts Full call number Barcode Date last seen Copy number Price effective from Koha item type
    Dewey Decimal Classification     London London Journal article 29/01/2016   L159116 159116-1001 06/08/2019 1 06/08/2019 Journal article